Urusan kewangan semasa : (Record no. 1046)
[ view plain ]
| 000 -LEADER | |
|---|---|
| fixed length control field | nam a22 a 4500 |
| 003 - CONTROL NUMBER IDENTIFIER | |
| control field | AKMAL |
| 005 - DATE AND TIME OF LATEST TRANSACTION | |
| control field | 20170508113349.0 |
| 008 - FIXED-LENGTH DATA ELEMENTS--GENERAL INFORMATION | |
| fixed length control field | 170508s2005 my | g | 000 0 may d |
| 020 ## - INTERNATIONAL STANDARD BOOK NUMBER | |
| International Standard Book Number | 9830996115 (kkt.) : |
| Terms of availability | RM16.00 |
| 040 ## - CATALOGING SOURCE | |
| Original cataloging agency | AKMAL |
| 082 04 - DEWEY DECIMAL CLASSIFICATION NUMBER | |
| Classification number | 297.273 QAL |
| 090 00 - LOCALLY ASSIGNED LC-TYPE CALL NUMBER (OCLC); LOCAL CALL NUMBER (RLIN) | |
| Classification number (OCLC) (R) ; Classification number, CALL (RLIN) (NR) | 297.273 |
| Local cutter number (OCLC) ; Book number/undivided call number, CALL (RLIN) | QAL |
| 100 1# - MAIN ENTRY--PERSONAL NAME | |
| Personal name | Qal'ahji, Muhammad Rawwas |
| 9 (RLIN) | 2196 |
| 245 10 - TITLE STATEMENT | |
| Title | Urusan kewangan semasa : |
| Remainder of title | menurut perspektif syariah Islam / |
| Statement of responsibility, etc. | Muhammad Rawwas Qal'ahji ; penterjemah Basri bin Ibrahim al-Hasani al-Azhari |
| 246 1# - VARYING FORM OF TITLE | |
| Display text | Terjemahan dari : |
| Title proper/short title | Al-Mu'amalat al-Maliyah al-Mu'asirah Fi Daw'i al-Fiqh Wa al-Syari'ah |
| 260 ## - PUBLICATION, DISTRIBUTION, ETC. | |
| Place of publication, distribution, etc. | Kuala Lumpur : |
| Name of publisher, distributor, etc. | Al-Hidayah Publishers, |
| Date of publication, distribution, etc. | 2005 |
| 300 ## - PHYSICAL DESCRIPTION | |
| Extent | xxxi, 247ms. ; |
| Dimensions | 22cm. |
| 500 ## - GENERAL NOTE | |
| General note | Mengandungi ayat-ayat dari Quran |
| 650 10 - SUBJECT ADDED ENTRY--TOPICAL TERM | |
| Topical term or geographic name entry element | Banks and banking |
| General subdivision | Religious aspects |
| -- | Islam |
| 9 (RLIN) | 2197 |
| 650 20 - SUBJECT ADDED ENTRY--TOPICAL TERM | |
| Topical term or geographic name entry element | Finance (Islamic law) |
| 9 (RLIN) | 2198 |
| 700 0# - ADDED ENTRY--PERSONAL NAME | |
| Personal name | Basri Ibrahim al-Hasani al-Azhari |
| 9 (RLIN) | 2199 |
| 942 ## - ADDED ENTRY ELEMENTS (KOHA) | |
| Source of classification or shelving scheme | |
| Koha item type | Book |
| Withdrawn status | Lost status | Source of classification or shelving scheme | Damaged status | Not for loan | Collection code | Home library | Current library | Shelving location | Date acquired | Inventory number | Total Checkouts | Full call number | Barcode | Date last seen | Price effective from | Koha item type |
|---|---|---|---|---|---|---|---|---|---|---|---|---|---|---|---|---|
| NON-FICTION | AKMAL Melaka | AKMAL Melaka | PINJAMAN | 08.05.2017 | 200921 | 297.273 QAL | 201702116 | 08.05.2017 | 08.05.2017 | Book |
